| 000 | 01414nam0a2200313 4500 | ||
|---|---|---|---|
| 001 | RU\NLR\bibl\507705 | ||
| 005 | 20260408194245.0 | ||
| 021 |
_aRU _b2004-9113 _9467 |
||
| 035 | _a(NLR Aleph) 000500237 | ||
| 090 |
_a1168946 _c1168946 |
||
| 100 | _a20040405d2003 |||y0rusy50 ca | ||
| 101 | 0 | _arus | |
| 102 | _aRU | ||
| 105 | _aa ||||||||| | ||
| 200 | 1 |
_a"И Шереметев благородный..." _eК 350-летию со дня рождения Б. П. Шереметева _eКат. выст., 9 янв.-19 мая 2003 _f[Авт.-сост.: О. Е. Желтикова, О. А. Ходякова _gАннот.: Г.В. Вилинбахов и др.] |
|
| 210 |
_aСПб. _cСпбГМТиМИ _d2003 |
||
| 215 |
_a91, [4] с. _cил., цв. ил. _d24 |
||
| 300 | _aВ надзаг.: С.-Петерб. гос. музей театр. и муз. искусства | ||
| 600 | 1 |
_aШереметев _bБ. П. _f1652-1719 _gБорис Петрович _2psbo |
|
| 600 | 1 |
_aШереметев _bБ. П. _gБорис Петрович _f1652 - 1719 _jАльбомы _3RU\NLR\auth\661358438 _92266093 |
|
| 686 | _aТ3(2)462-8 | ||
| 686 | _aЦ4,8(2)243дШереметев Б.П.я61 | ||
| 702 | 1 |
_aЖелтикова _bО. Е. _4220 |
|
| 801 | 0 |
_aRU _bNLR _c20040405 _gPSBO |
|
| 801 | 1 |
_aRU _bNLR _c20040405 |
|
| 942 | _cBOOK | ||
| 980 | _aNB | ||